000 00404nam a2200157Ia 4500
008 230917s9999||||xx |||||||||||||| ||und||
040 _e215365
_aMAIN
041 _aEnglish
082 _a574.0285 M863B(2)
100 _aMount, David W
245 0 _aBioinformatics: Sequence and genome analysis
250 _a2nd. ed.
260 _aNew Delhi
_bCBS Publishers
_c2005
300 _a692 p.
942 _cBK
999 _c179699
_d179699